3 indices - 1 film - Statistiques

Statistiques générales
  • Ce quiz a été pris 3 038 fois
  • Le résultat moyen est 11 sur 20
Statistiques - réponses
Indices Réponse % Correct
Neo / Pillule rouge / Pillule bleue Matrix
92%
Maître du Monde / Kate Winslet / Iceberg Titanic
83%
Vois sur ton chemin / Pierre Morhange / La Cage aux rossignols Les Choristes
79%
Pandora / Na'vis / Unobtanium Avatar
74%
Bouffon Vert / Daily Bugle / Tobey Maguire Spider-Man
74%
Kevin / Noël / Casseurs flotteurs Maman, j'ai raté l'avion
67%
Pêche à la crevette / Boîte de chocolats / Ping pong Forrest Gump
65%
Avions / Gratte-ciel / Primate King Kong
64%
Tour Eiffel en allumettes / Auxerre-OM / Juste Leblanc Le Dîner de cons
64%
John Connor / T-800 / Voyage dans le temps Terminator
57%
Miami / Trafic de drogue / Tony Montana Scarface
53%
Douche / Motel / Noir et blanc Psychose
46%
Zézette / Kloug / SOS Détresse Amitié Le père Noël est une ordure
43%
Guerre de Sécession / Western Spaghetti / "Toi, tu creuses" Le Bon, la Brute et le Truand
41%
Famine mondiale / 2067 / Trou de verre Interstellar
33%
Acteur célèbre / Peppy Miller / Cinéma muet The Artist
32%
2CV bleue / Louis de Funès / Youkounkoun Le Corniaud
30%
Télé-réalité / Placements de produits / Phobie de l'eau The Truman Show
26%
Écosse / "Droit de cuissage" / William Wallace Braveheart
25%
Roman d'Helen Aberson / Oreilles / Timothée Dumbo
7%
Aucun quiz correspondant
Distribution des résultats
% des personnes avec chaque résultat
Percentile par nombre de réponses
Votre historique - résultats
Vous n’avez pas pris ce quiz